| 000 | 00664nam a22002177a 4500 | ||
|---|---|---|---|
| 003 | OSt | ||
| 005 | 20140310181914.0 | ||
| 008 | 130716t xxu||||| |||| 00| 0 eng d | ||
| 050 |
_aLB 1573.37 _b.B715 1977 |
||
| 082 |
_aTR 372.41s _bB64fd 1977 |
||
| 100 |
_aBoning, Richard A. _9392 |
||
| 245 |
_aFollowing directions. : _bBooklet L / _cRichard A. Boning. |
||
| 260 |
_aBaldwin, New York : _bBarnell Loft, Ttd, _cc1977. |
||
| 300 |
_a[52 p.] ; _c25 cm. |
||
| 521 | _aFaculty | ||
| 541 | _j1 | ||
| 562 | _e1 | ||
| 650 |
_aReading _xProgrammed instruction. _9586 |
||
| 650 |
_aReading _xStudy and teaching (Elementary). _9587 |
||
| 942 |
_2lcc _cBK-TR _kTR |
||
| 999 |
_c6688 _d6688 |
||